000 00612nam a22001937a 4500
005 20251108173103.0
008 250721s2004 xx 000 0 ara d
082 1 4 _a615.89/ ماي
100 1 _aماير، جوزيف
245 1 0 _aالعطار (العودة إلى الطبيعة) /
246 1 1 _athe herbalist
264 1 _aبيروت :
_bرشاد برس للطباعة و النشر و التوزيع،
_c2004.
300 _a534ص.
650 1 7 _aالطب الشعبي
650 1 7 _aالنباتات الطبية
700 1 _aإسماعيل، محمود
_etran.
942 _2ddc
_cBK
999 _c95743
_d95743